Biomaterials principles and practices
"Most current applications of biomaterials involve structural functions, even in those organs and systems which are not primarily structural in their nature, or very simple chemical or electrical functions. Complex chemical functions such as those of the liver and complex electrical or electrochemic...
Saved in:
| Other Authors: | , , |
|---|---|
| Format: | Book |
| Language: | English |
| Published: |
Boca Raton
Taylor & Francis
2013.
|
| Subjects: | |
| Online Access: | View in OPAC |
| Tags: |
No Tags, Be the first to tag this record!
|
MARC
| LEADER | 00000cam a22000008a 4500 | ||
|---|---|---|---|
| 005 | 20260127134301.0 | ||
| 008 | 130904s2013 flua b 001 0 eng | ||
| 010 | |a 2012-033793 | ||
| 020 | |a 9781439872512 (hardcover : alk. paper) | ||
| 035 | |a vtls010540409 | ||
| 039 | 9 | |y 201309041507 |z mschk03 | |
| 040 | |a DNLM/DLC |c DLC |d DLC |d STUSCHK1 | ||
| 042 | |a pcc | ||
| 080 | 0 | 0 | |a 610.284 |2 23 |
| 245 | 0 | 0 | |a Biomaterials |b principles and practices |c edited by Joyce Y. Wong, Joseph D. Bronzino, and Donald R. Peterson. |
| 260 | |a Boca Raton |b Taylor & Francis |c 2013. | ||
| 300 | |a 1 v. (various pagings) |b ill. |c 26 cm. | ||
| 504 | |a Includes bibliographical references and index. | ||
| 520 | |a "Most current applications of biomaterials involve structural functions, even in those organs and systems which are not primarily structural in their nature, or very simple chemical or electrical functions. Complex chemical functions such as those of the liver and complex electrical or electrochemical functions such as those of the brain and sense organs cannot be carried out by biomaterials at this time. With these basic concepts in mind, this book focuses on biomaterials consisting of different materials such as metallic, ceramic, polymeric, and composite. It highlights the impact of recent advances in the area of nano- and microtechnology on biomaterial design"--Provided by publisher. | ||
| 650 | 1 | 2 | |a Biocompatible Materials |x chemistry. |
| 700 | 1 | |a Wong, Joyce Y. | |
| 700 | 1 | |a Bronzino, Joseph D., |d 1937- | |
| 700 | 1 | |a Peterson, Donald R. | |
| 906 | |a 7 |b cbc |c orignew |d 1 |e ecip |f 20 |g y-gencatlg | ||
| 910 | |a SCHK95 | ||
| 919 | |a 978-1-4398-7251-2 | ||
| 925 | 0 | |a acquire |b 2 shelf copies |x policy default | |
| 955 | |w rd13 2012-08-23 |e rf17 2013-06-27 |f rf17 2013-06-27 to CALM | ||
| 985 | |a NLMCIP |d 2012-08-22 | ||
| 999 | |c 8762 |d 8762 | ||